Hetalia Families - Statistics

General Stats
  • This quiz has been taken 225 times
  • The average score is 15 of 16
Answer Stats
Hetalia Families Answers % Correct
Germanic Language Family Germany Prussia Austria Switzerland Liechenstein Netherlands Belgium Denmark Norway Sweden
100%
Mediterranean Family Italy Romano Spain Greece Egypt Turkey Cyprus France
100%
Asia Family China Hong Kong Taiwan South Korea Japan Vietnam Macau Thailand
99%
Asian Brothers China Japan South Korea
99%
Kirkland Family England Ireland Scotland Australia New Zealand Wales Sealand America Canada Hong Kong
99%
FACE Family France America Canada England
99%
Nordic 5 Iceland Denmark Norway Finland Sweden
99%
Italian Brothers Italy Romano Seborga
99%
North American Brothers Canada America
98%
Slavic Language Family Russia Belarus Ukraine Poland Czech Republic Slovakia Bulgaria
96%
Kievan Rus Ukraine Russia Belarus
96%
The Baltics Estonia Latvia Lithuania
95%
Ottoman Family Hungary Turkey Greece
90%
Hanatama Family Sweden Finland Sealand Ladonia
87%
Romance Language Family Spain Portugal France Monaco Romania Moldova Italy Romano Belgium Switzerland Canada Cuba Ecuador
80%
Anko Family Denmark Norway Iceland
72%
No matching quizzes found
Score Distribution
Percent of People with Each Score
Percentile by Number Answered
Your Score History
You have not taken this quiz